00426nam a2200157Ia 4500008004100000041000800041082000800049100001700057245009700074250000800171260002700179300000800206542001500214551002700229650001200256220531s9999 xx 000 0 und d aeng bVER aVerma, A. K. aTime In English Love Poetry: (with Special Reference To The Poetry Of Shakespeare And Donne) a1ST aNew DelhibSarupc2014 a142 d10-04-2015 aEnglishbNon-grant-ENG aEnglish